[Event "EU-chT (Men) 18th"]
[Site "Porto Carras"]
[Date "2011.11.09"]
[Round "7.3"]
[White "Delchev, Aleksander"]
[Black "Mamedyarov, Shakhriyar"]
[Result "0-1"]
[WhiteElo "2629"]
[BlackElo "2733"]
[Annotator "Krasenkow,M"]
[PlyCount "76"]
[EventDate "2011.11.03"]
[EventType "team-swiss"]
[EventRounds "9"]
[EventCountry "GRE"]
[SourceTitle "CBM 146"]
[Source "ChessBase"]
[SourceDate "2012.01.18"]
[SourceVersion "1"]
[SourceVersionDate "2012.01.18"]
[SourceQuality "1"]
[WhiteTeam "Bulgaria"]
[BlackTeam "Azerbaijan"]
[WhiteTeamCountry "BUL"]
[BlackTeamCountry "AZE"]

1. d4 Nf6 2. c4 e6 3. Nf3 c5 4. d5 b5 5. Bg5 exd5 6. cxd5 d6 7. e3 a6 8. a4 b4
9. Nbd2 Be7 10. Nc4 Bb7 {This move is more popular now than} (10... a5) {
Black doesn't fear a4-a5.} 11. Bxf6 (11. h4 $5 h6 12. Bxf6 Bxf6 13. Qc2 a5 14.
O-O-O Qc7 15. Qe4+ Be7 16. Qg4 O-O 17. Qe4 f5 18. Qe6+ Kh8 19. Qg6 Rf6 20. Qg3
Nd7 21. Ng5 Nf8 22. e4 $36 {1/2 Williams,S (2496)-Hanley,J (2243)/Liverpool
2008/CBM 125 Extra (43)}) 11... Bxf6 12. a5 (12. Qc2 $6 Bxd5 13. Rd1 Bxc4 14.
Bxc4 Ra7 15. O-O O-O 16. Rd5 Qe7 17. Rfd1 Rd8 18. h4 Nc6 19. g4 b3 $1 20. Qf5
Nb4 21. R5d2 g6 22. Qf4 Rad7 $13 {0-1 Joie,S (2231)-Tregubov,P (2598)/
Aix-les-Bains 2011/CBM 142 (38)}) 12... O-O 13. Bd3 Qe7 14. O-O Nd7 15. Bc2 $1
{A typical manoeuvre activating White's bishop.} g6 16. Qd3 Bg7 17. Ba4 Rad8 (
17... Nf6 18. Nb6 Rad8 19. Nd2 Ng4 20. h3 Ne5 21. Qe2 g5 22. Rae1 f5 23. f4 Ng6
24. Ndc4 Kh8 25. Bc2 gxf4 26. exf4 Qh4 27. Qf3 Bh6 28. Re6 $16 {1-0 Gupta,A 
(2569)-Iturrizaga Bonelli,E (2528)/Wijk aan Zee 2009/CBM 129 (43)}) 18. Rae1 f5
19. e4 f4 {[%mdl 32] An interesting concept. Apparently, Black doesn't control
the blockading e5-square. However, it is not easy for White to push e4-e5 as
it opens up the position for Black's bishops. And White has no other plan!} 20.
Bxd7 {White must take this knight, otherwise it goes to e5.} (20. Bc6 Bc8 21.
Bxd7 Bxd7 {[%cal Yd7b5]}) 20... Qxd7 21. h3 (21. Ng5 $1 {[%cal Yg5e6] was an
interesting opportunity. E.g.} Rde8 22. Re2 h6 23. Ne6 Rxe6 24. Nb6 Qe7 25.
dxe6 Qxe6 26. f3 $14) 21... h6 22. Re2 g5 23. Rfe1 $2 {Losing a crucial tempo,
which decides that Black's kingside attack will be stronger than White's
counterplay in the centre!} (23. Nb6 $1 Qf7 24. Qc4 Rfe8 (24... Qg6 25. e5) 25.
Rfe1 $36 {[%cal Ye4e5]}) 23... Qf7 24. Nb6 Qg6 25. Qc4 $2 {It is too late to
prepare e4-e5.} (25. Rd2 $5 h5 $140 26. h4 $1 g4 27. Ng5) 25... h5 26. e5 g4 $1
27. hxg4 hxg4 28. Nh4 $2 (28. Nd2 $142 Bxe5 29. Rxe5 dxe5 30. Rxe5 g3 31. Qe4 (
31. d6+ $143 Rf7) {but still Black's prospects are better after} 31... Qxe4 32.
Nxe4 c4 $1) 28... Qg5 29. g3 Bxe5 30. Rxe5 {Desperation. White doesn't obtain
any compensation for the exchange.} dxe5 31. Qxc5 fxg3 32. fxg3 Qd2 33. Qe3
Qxe3+ 34. Rxe3 Bxd5 35. Rxe5 Bb7 36. Nf5 Rd2 37. Nc4 Rd1+ 38. Kf2 Rd5 0-1

[Event "EU-Cup 26th"]
[Site "Plovdiv"]
[Date "2010.10.21"]
[Round "5.4"]
[White "Riazantsev, Alexander"]
[Black "Nyback, Tomi"]
[Result "1/2-1/2"]
[WhiteElo "2686"]
[BlackElo "2635"]
[Annotator "Krasenkow,M"]
[PlyCount "56"]
[EventDate "2010.10.17"]
[EventType "team-swiss"]
[EventRounds "7"]
[EventCountry "BUL"]
[SourceTitle "CBM 139"]
[Source "ChessBase"]
[SourceDate "2010.11.18"]
[SourceVersion "1"]
[SourceVersionDate "2010.11.18"]
[SourceQuality "1"]
[WhiteTeam "Moscow ShSM-64"]
[BlackTeam "Werder Bremen"]
[WhiteTeamCountry "RUS"]
[BlackTeamCountry "GER"]

1. d4 Nf6 2. c4 e6 3. Nf3 c5 4. d5 b5 5. dxe6 fxe6 6. cxb5 a6 7. e3 d5 {
A rare, rather dubious move order. Black usually plays ...a7-a6 at a later
stage.} 8. bxa6 (8. b3 Bd6 9. Bb2 O-O 10. Nbd2 Nbd7 11. Qc2 Qb6 $1 12. Bd3 $5
axb5 $1 13. Ng5 h6 14. Bh7+ Kh8 15. Nxe6 Rf7 $44 {1-0 Gruenberg,H (2385)-Knaak,
R (2535)/Plauen 1980/MCL/[Knaak] (33)}) (8. Nc3 c4 9. Bd2 Bb4 10. bxa6 Nxa6 11.
a3 Ba5 12. Be2 Nc5 13. Nd4 Bd7 14. b4 cxb3 15. Nxb3 Nxb3 16. Qxb3 Rb8 17. Qc2
Qc7 18. Rc1 O-O 19. O-O Qd6 20. a4 Bxc3 21. Bxc3 Ne4 $44 {0-1 Kortschnoj,V 
(2615)-Volokitin,A (2671)/Igualada 2005/CBM 109 (38)}) 8... Bd6 9. Bb5+ (9. Be2
O-O 10. O-O Nxa6 (10... Bxa6 $142) 11. Nbd2 Bb7 12. b3 Qe7 13. Bb2 e5 14. e4
dxe4 15. Ng5 h6 16. Bc4+ Kh8 17. Ne6 Rfe8 18. f4 $1 $14 {[%csl Ra6] 1-0
Murdzia,P (2471)-Kryvoruchko,Y (2612)/Ustron 2009/CBM 132 Extra (31)}) 9... Bd7
(9... Nbd7 10. O-O O-O 11. Nbd2 Bxa6 12. Bxa6 Rxa6 13. b3 $14 e5 $6 14. e4 $1
d4 15. Qe2 $16 {1-0 Zhu Chen (2476)-Strugnell,C (2236)/Paris 2010/CBM 137
Extra (38)}) 10. Bxd7+ Qxd7 11. O-O (11. Nc3 $143 O-O 12. O-O Nxa6 13. b3 Nc7
14. e4 dxe4 15. Ng5 Qc6 16. Qe2 Be5 17. Bb2 h6 18. Nh3 Bd4 19. Rfe1 Na6 $36 {
0-1 Gigerl,E-Ochoa de Echaguen,F/Groningen 1974/EXT 2000 (34)}) 11... O-O 12.
b3 $1 Nc6 13. Nbd2 e5 (13... Rxa6 14. Bb2 e5 15. e4 Nd4 16. Re1 $16) 14. e4 $1
{[%mdl 4] The point of White's plan. He breaks down Black's pawn structure.}
Nd4 15. Nxd4 {Perhaps it was even better for White to remain patient and
eventually give up his unemployed bishop for this knight:} (15. Re1 $1 Rxa6 (
15... Nxe4 16. Nxe4 Nxf3+ 17. gxf3 dxe4 18. Rxe4 Rxa6 19. Qd3 $16) 16. Bb2 {
[%cal Rb2d4,Re4d5]} Nxe4 (16... Nxf3+ 17. Nxf3 $1) 17. Bxd4 exd4 18. Nxe4 dxe4
19. Rxe4 $16) 15... exd4 16. exd5 Qf5 17. Nc4 Bxh2+ $5 {In the event of} (17...
Rxa6 18. Nxd6 Rxd6 19. b4 $1 {Black does not have sufficient compensation for
the pawn and must fight for a draw. So he decides on a risky adventure.}) 18.
Kxh2 Ng4+ 19. Kg3 $8 Nxf2 20. Qf3 $1 Qg6+ 21. Kxf2 Rxf3+ 22. gxf3 Qh5 23. Bf4
Rf8 24. a7 $1 Qf7 25. Bd6 $2 {This "active" move leads to a perpetual.} (25.
Be5 $142 $1 Qxf3+ 26. Kg1 Qg4+ 27. Kh2 Qh4+ (27... Qh5+ 28. Kg2 Qe2+ 29. Kg3
Qd3+ 30. Kh4 $1 Qe4+ 31. Kh3 $18) 28. Kg2 Qg5+ 29. Bg3 Qxd5+ 30. Kg1 Ra8 31.
Bb8 Qg5+ 32. Kf2 Qf5+ 33. Ke1 Qe4+ 34. Kd1 $1 {- White's king escapes checks,
and he keeps good winning chances.}) 25... Qxf3+ 26. Kg1 Qg4+ 27. Kh2 Qh5+ 28.
Kg1 (28. Kg2 Qxd5+ {- - that's the difference!}) 28... Qg5+ 1/2-1/2

[Event "Gibraltar Masters 10th"]
[Site "Caleta"]
[Date "2012.01.24"]
[Round "1"]
[White "Alvarez Marquez, Johan"]
[Black "Bologan, Viktor"]
[Result "0-1"]
[WhiteElo "2398"]
[BlackElo "2680"]
[Annotator "Let's Check"]
[PlyCount "70"]
[EventDate "2012.01.24"]
[EventType "swiss"]
[EventRounds "10"]
[EventCountry "GGB"]
[SourceTitle "CBM 147"]
[Source "ChessBase"]
[SourceDate "2012.03.16"]
[SourceVersion "1"]
[SourceVersionDate "2012.03.16"]
[SourceQuality "1"]

1. d4 Nf6 2. c4 Nc6 3. Nf3 e6 4. a3 g6 5. Nc3 Bg7 6. d5 Ne7 7. e4 O-O 8. Bd3 d6
9. h3 Nd7 10. Bg5 Nc5 11. Bc2 a5 12. O-O Bd7 13. Re1 a4 14. e5 Ra6 15. exd6
cxd6 16. dxe6 fxe6 17. Nd5 $1 Rf7 18. Nxe7+ Rxe7 19. Nd4 Qf8 20. Bxe7 Qxe7 21.
Rb1 Qf6 22. Nb5 Qf4 23. g3 Qf8 24. Nc3 Bxc3 25. bxc3 Bc6 26. Re3 e5 27. h4 Ra8
28. Qg4 Re8 29. f4 e4 30. Rd1 Re6 31. Qg5 Kg7 32. Rd2 Rf6 33. Rf2 $6 (33. Qg4
Qf7 34. Rd4 $16) 33... h5 $15 34. g4 $2 (34. f5 Ne6 $1 35. Qxf6+ $15) 34... Ne6
$19 35. Qa5 Rxf4 0-1

[Event "Sofia MTel Masters 3rd"]
[Site "Sofia"]
[Date "2007.05.13"]
[Round "4"]
[White "Mamedyarov, Shakhriyar"]
[Black "Nisipeanu, Liviu Dieter"]
[Result "1/2-1/2"]
[WhiteElo "2757"]
[BlackElo "2693"]
[Annotator "Marin,M"]
[PlyCount "44"]
[EventDate "2007.05.10"]
[EventType "tourn"]
[EventRounds "10"]
[EventCountry "BUL"]
[EventCategory "19"]
[SourceTitle "CBM 118"]
[Source "ChessBase"]
[SourceDate "2007.05.31"]
[SourceVersion "1"]
[SourceVersionDate "2007.05.31"]
[SourceQuality "1"]

1. d4 Nf6 2. c4 e6 3. Nf3 c5 4. d5 b5 5. dxe6 fxe6 6. cxb5 d5 7. Nc3 {In my
Survey on the 4.dxe6 Blumenfeld, published in CBM 116, I considered this move
to be White's most challenging continuation. I did not offer a clear solution
then, but this game comes in very handy, to shatter the author's and reader's
doubts and fears.} Nbd7 ({My suggestion was} 7... Bb7) 8. e4 d4 9. e5 Ng4 10.
Ne4 Bb7 $1 {This strong move was played between two strong players shortly
after I completed my work on the theoretical article. Black continues the
fight for the centre by developing another piece.} (10... Ndxe5 $6 {hands over
the initiative to White:} 11. Nxe5 Nxe5 12. Qh5+ Nf7 13. Nxc5 g6 14. Qf3 Bxc5
15. Qc6+ (15. Qxa8 O-O $44) 15... Qd7 16. Qxc5 Bb7 17. f3 Rc8 18. Qa3 Qd5 19.
Bd3 Nd6 20. O-O O-O (20... Nxb5 21. Qa5 $16) 21. Bh6 $16 {Black's centralised
positioon does not offer him adequate compensation for the pawn, because of
the numerous weaknesses (especially on dark squares), Gyimesi,Z (2505)-Csiszar,
C (2410)/Pecs 1998/EXT 2000 (1-0, 33)}) 11. Nfg5 $146 {Increasing the tension
even more. It would be interesting to know whether this was just
over-the-board inspiration or a prepared novelty.} (11. Bd3 c4 $1 12. Nxd4 Bb4+
13. Nc3 Qh4 14. Qd2 $2 (14. g3 Nxf2 $5 15. gxh4 Nxd1 16. Kxd1 {and now Black
could capture either of the attacked pieces, with complex play in both cases.})
14... Ndxe5 (14... cxd3 $19) 15. Bf1 O-O 16. g3 Qh5 $19 {Koegeler,A-Nieuweboer,
M/NED-ch M corr 1999/Corr 2002 (0-1, 23)}) ({In the first over-the-board game
where 10...Bb7 was played, White chose} 11. Qe2 {instead. However, this move
looks a bit strange. In order to question Black's setup, the queen is expected
to go to h5 at some moment, which makes the intermediate stop on e2 a mere
loss of time. Besides, the f1-bishop is left temporarily out of play.} Bd5 ({
In fact,} 11... Ndxe5 {is also worth investigating, because in case of an
exchange followed by Qh5+, Black would have the useful extra-move ...Bb7.}) 12.
Nxd4 cxd4 13. Qxg4 Nxe5 14. Qh5+ Ng6 (14... Nf7 $5 15. Bd3 ({Black might have
refrained from retreating with the knight to f7 because of} 15. Ng5 {but after}
g6 16. Nxf7 Kxf7 {White has no check at his disposal and Black has a strong
initiative:} 17. Qg4 Bb4+ 18. Bd2 Bxd2+ 19. Kxd2 Qa5+ 20. Kd1 Rhd8 $36) 15...
Bb4+ 16. Ke2 g6 17. Qh3 O-O {Compared to the line played in the game, Black
has castled with ease and threatens to exchange White's key-piece for blocking
purposes, the bishop (/\Ne5).}) 15. Bd3 Bb4+ 16. Ke2 (16. Bd2 Bxe4 17. Bxe4
Bxd2+ 18. Kxd2 O-O 19. f3 Rc8 $44) 16... Qc7 17. a3 $6 {Black cannot castle
short yet because of the permanent threat of Ng5. Therefore, driving the
bishop back to e7 hardly makes any sense.} ({In case of} 17. Rd1 {Black would
probably have had to decide himself for the sharp} O-O-O $5 {not fearing} 18.
Bg5 {because of} Qe5 $1 {, creating several pins.}) 17... Be7 18. Bd2 (18. Ng5
Qe5+ 19. Kf1 O-O-O) 18... O-O 19. Rhc1 Qb7 20. f3 Rf5 21. Qh3 Ne5 {Finally,
Black has castled and played his knight to e5. White cannot hold his fortress
on light squares for long.} 22. a4 Nxd3 23. Kxd3 a6 $15 {Ehlvest,J (2610)
-Alekseev,E (2661)/Moscow 2007/TWIC 641 (0-1, 36)}) 11... Ndxe5 {After this
brave capture, a sharp phase is initiated.} 12. f4 ({From a general point of
view, it is recomendable to increase the tension with a developing move such as
} 12. Be2 {but after} Bxe4 (12... Nf6 $6 13. Nxe6 $1) 13. Nxe4 Qd5 {Black's
centralisation should compensate for the weakness of the light squares. For
instance} 14. Ng3 h5 (14... Nf6 $2 15. f4 $1 {[%cal Ye2f3]}) 15. h3 $6 Nf6 16.
f4 $140 $2 Qxg2 $1 {[%csl Gg3]}) 12... Bxe4 13. fxe5 Bf5 14. Bd3 {Finally,
here comes a developing move, aiming to undermine the small fortress built by
Black in the centre.} Bxd3 $6 {This unnecessary release of the tension opens
the f-file for White's attack and helps him develop the queen.} (14... Qd5 {
looks preferable and if} 15. O-O {then} g6 {, when White cannot open the
position too easily, while Black has a nice centralised placement of his
pieces. True, with the king in the centre he has to display high acuracy in
the next phase of the game and the position is not easy to exhaust by
analytical means. Here are just a couple of possible lines:} 16. Bf4 (16. Qe2 {
[%cal Yd3c4]} Bg7 17. Bc4 Qxe5 {[%csl Gh2][%cal Ye5h2]} 18. Qxe5 Bxe5 19. Nxe6
(19. h3 Ne3 $1) 19... Bxh2+ 20. Kh1 Bd6 $13) 16... Be7 (16... Bg7 17. Be4 Bxe4
18. Nxe4 Qxe4 19. Qxg4 Qd5 20. Bg5 $14 {[%csl Ye8]}) 17. Be4 Bxe4 18. Nxe4 Nxe5
$13) 15. Qxd3 {Now, Black risks being left behind in development, while his
e6-square is very vulnerable. therefore, the next move is more or less forced.}
Nxe5 16. Qh3 Qf6 17. Nxe6 (17. Qxe6+ Be7 $5 {is very much OK for Black.}) ({
However,} 17. Rf1 {looks like a more dangerous continuation of the attack.} Qg6
18. Nxe6 Nd3+ 19. Ke2 Qe4+ 20. Kd1 $16 {and Black's king is more exposed than
White's}) 17... Nd3+ 18. Ke2 (18. Qxd3 Qxe6+ 19. Kd1 O-O-O {is at least equal
for Black, because of his strong central pawns.}) 18... c4 19. Nc7+ ({It is
too late for} 19. Rf1 $2 {already:} Nxc1+ 20. Raxc1 d3+ 21. Ke3 Qe5+ 22. Kf2
Bc5+ 23. Nxc5 {and now, the intermediate move} O-O+ $1 $17 {removes the king
from the centre and leaves Black with an advantage.}) 19... Kd8 20. Ne6+ ({
Avoiding the simple trap} 20. Bg5 $2 Kxc7 $1 21. Bxf6 Nf4+ $19) 20... Ke8 $6 {
Apparently, both players had mentally resigned themselves to a draw by this
point already.} ({With such strong pawns in the centre, Black would have had
every reason to play on with the awkward looking} 20... Ke7 {, for instance}
21. Bg5 {(Otherwise, White is just lost)} Qxg5 $1 22. Nxg5 Nf4+ 23. Kf3 Nxh3
24. gxh3 Kf6 25. Ne4+ (25. Kg4 h5+ 26. Kh4 Re8 $17) 25... Ke5 26. Rhe1 Bb4 $15)
21. Nc7+ ({And now, it is White who mises a promising attacking continuation:} 
21. Rf1 $3 {The evaluation of the move refers to the fact that, once Black has
lost the right to castle, the similar variation given above does not work
anymore.} Qe5+ 22. Kd1 $16 {We can state that 20...Ke7 is more than just an
attempt to play for a win; it also is a method to avoid the worse.}) 21... Kd8
22. Ne6+ Ke8 {Actually, the permission to agree to a draw was given
prematurely if we strictly follow the rules. The position has NOT been
repeated 3 times identically. In the first position, Black had the right to
castle!} 1/2-1/2

[Event "Metz op 31th"]
[Site "Metz"]
[Date "2013.04.20"]
[Round "1"]
[White "Bellahcene, Bilel"]
[Black "Nisipeanu, Liviu Dieter"]
[Result "0-1"]
[WhiteElo "2367"]
[BlackElo "2677"]
[Annotator "Metz Alekhine/Primel,D"]
[PlyCount "60"]
[EventDate "2013.04.20"]
[EventType "swiss"]
[EventRounds "9"]
[EventCountry "FRA"]
[SourceTitle "EXT 2016"]
[Source "ChessBase"]
[SourceDate "2015.10.08"]
[SourceVersion "1"]
[SourceVersionDate "2015.10.08"]
[SourceQuality "1"]
[TimeControl "40/5400:1800+30"]
[WhiteClock "1:30:00"]
[BlackClock "1:30:00"]

1. d4 Nf6 2. Nf3 c5 3. d5 e6 4. c4 {Transpose sur une Benoni} (4. Nc3 $142 {
Pose davantage de problèmes aux Noirs pour égaliser} exd5 5. Nxd5 Nxd5 6.
Qxd5 Be7 7. e4 O-O 8. Bc4 (8. Be2) 8... Nc6 9. O-O d6 10. c3 Be6 11. Qd3 Bxc4
12. Qxc4 Ne5 13. Nxe5 dxe5 14. Be3 $14 {[%csl Ge3,Re7][%cal Gf1d1]}) 4... b5 $5
{Un gambit risqué mais le roumain a beaucoup d'expérience sur cette ligne
secondaire de la défense Blumenfeld} 5. Bg5 b4 6. e4 {60 Il s'agissait d'une
première ronde et les Blancs cherchent leurs coups alors que les Noirs
répondent à tempo.} (6. a3 h6 {Ivanchuk,V (2787)-Nisipeanu,L (2668) World
Cup Khanty-Mansiysk 2007 (3.3) 1-0}) 6... d6 {91 Déjà un sérieux retard
pour les Blancs} 7. Bd3 (7. a3 h6 (7... a5) 8. Bxf6 Qxf6 {Gurevich,M (2590)
-Alburt,L (2520) World op 17th 1989 (9) 1/2}) (7. a3 Be7 8. Nbd2 O-O 9. axb4
cxb4 10. dxe6 fxe6 11. Bd3 Nbd7 12. O-O a5 13. Qe2 Ng4 14. Nd4 Bxg5 15. Nxe6
Qf6 16. Qxg4 Bxd2 17. Nxf8 Nxf8 18. Qe2 Bf4 19. b3 Ne6 20. Ra2 Nd4 21. Qd1 Qh6
22. g3 Bh3 23. Bb1 Bd2 24. e5 Re8 25. Be4 Bc3 26. Bd5+ Kh8 27. Rxa5 dxe5 28.
Re1 Bxe1 29. Qxe1 e4 30. Kh1 Nf3 31. Qa1 Qf6 32. Bxe4 Qxa1+ 33. Rxa1 Nd2 34.
Bg2 Bf5 35. Rd1 Nxb3 36. h3 h6 {Moiseenko,A (2707)-Savchenko,B (2581) Dubai
2014 0-1}) 7... Be7 8. O-O a5 9. Bf4 $146 (9. Be3 O-O 10. h3 Nbd7 11. Nbd2 e5
12. Re1 Ne8 13. Nf1 g6 14. g4 Ng7 15. Ng3 Nf6 16. Bh6 Kh8 17. Kh2 Ng8 18. Be3
f5 19. exf5 gxf5 20. gxf5 Nxf5 21. Nxf5 Bxf5 22. Bxf5 Rxf5 23. Rg1 Qd7 24. Nd2
Nf6 25. Qe2 Rf8 26. f3 Rh5 27. Rg3 Rg8 28. Qg2 Rg6 29. Rg1 Bf8 30. Ne4 Nxe4 31.
fxe4 Rxg3 32. Qxg3 Qf7 {1/2-1/2 (32) Schwing,H (2308)-Prusikin,M (2542) Bad
Liebenzell 2010}) 9... O-O (9... e5 $11) 10. h3 e5 11. Bh2 $2 {[%csl Gd6,Ge5,
Rh2] Une grosse faute positionnelle car quel est l'avenir de ce Bh2 enfermé
par le centre Noir?} (11. Be3 $142 Nbd7 12. a3) 11... Nbd7 $11 12. Nbd2 {40} (
12. a3 $1 {Un thème important dans ce genre de structure à l'aile-dame})
12... a4 {58} 13. Ne1 {[%cal Gf2f4] Les Blancs doivent préparer la poussée
f4 pour tenter de ranimer le mauvais Bh2 mais au risque d'affaiblir le P"e4"}
g6 {[%cal Gf6h5,Gh5f4]} 14. Be2 {[%cal Ge1d3]} (14. Bc2) 14... Ne8 15. Nd3 Ng7
{[%cal Gf7f5]} 16. f4 {Les Blancs tentent d'activer le mauvais Bh2 mais au
prix d'un affaiblissement de la case "e5"} exf4 $1 {[%csl Re4,Ge5][%cal Gd7e5]}
17. Bxf4 f5 $1 18. Bh6 $6 (18. e5 $142 Nxe5 19. Nxe5 dxe5 {[%csl Gd5]} 20. Bxe5
Bd6 21. Nf3 $132) 18... Bg5 $1 {[%csl Re2]} 19. Bxg7 Kxg7 $15 20. exf5 Rxf5 21.
Bg4 $6 (21. Rxf5 $142 gxf5 22. Qc2 Be3+ 23. Kh2 Qf6 24. Rf1) 21... Rxf1+ 22.
Nxf1 Qf6 23. Qc2 a3 $40 {[%csl Ra1,Rb2]} 24. Rb1 axb2 25. Qxb2 Qxb2 26. Rxb2
Nb6 27. Rc2 Ba6 {La position Blanche s'effondre} 28. Nb2 Bf6 29. Nd2 Bd4+ 30.
Kh2 Bxb2 0-1